000
00186 a2200097 4500
001
20680
100
_a
G S I
245
_a
Popular science
260
_a
_b
OGSI
_c
090
_c
14978
_d
14978
942
_a
NUST-CAE
_c
M
_c
5533
999
_c
255753
_d
255753